Statystyki dla Wszyscy zwycięzcy Copa America (1916-2019)

Kliknij tutaj aby rozwiązać quiz!

Ogólne statystyki

  • Ten quiz został rozwiązany 666 razy
  • Średni wynik to 44 z 45

Statystyki odpowiedzi

RokKraj% Poprawnych
1955Argentyna
100%
1927Argentyna
100%
1945Argentyna
100%
1957Argentyna
100%
1941Argentyna
100%
1959Argentyna
100%
1937Argentyna
100%
1929Argentyna
100%
1991Argentyna
100%
1947Argentyna
100%
1925Argentyna
100%
1993Argentyna
100%
1921Argentyna
100%
1946Argentyna
100%
1989Brazylia
100%
1997Brazylia
100%
1999Brazylia
100%
2004Brazylia
100%
2007Brazylia
100%
2019Brazylia
100%
1949Brazylia
100%
1919Brazylia
100%
1922Brazylia
100%
1987Urugwaj
97%
2011Urugwaj
97%
1920Urugwaj
97%
1923Urugwaj
97%
1995Urugwaj
97%
1924Urugwaj
97%
1926Urugwaj
97%
1935Urugwaj
97%
1983Urugwaj
97%
1967Urugwaj
97%
1942Urugwaj
97%
1956Urugwaj
97%
1917Urugwaj
97%
1916Urugwaj
97%
2015Chile
96%
2016Chile
96%
2001Kolumbia
91%
1975Peru
87%
1939Peru
87%
1963Boliwia
83%
1953Paragwaj
82%
1979Paragwaj
82%

Rozkład punktacji

Percentyl według liczby udzielonych odpowiedzi

Procent ludzi z każdym wynikiem

Twoja historia wyników

Nie rozwiązałeś tego quizu